Харьковская математическая библиография. Список книг, брошюр и статей по математическим наукам, напечатанных в Харькове с 1805-1905 г.: приложение к т. XIV "Сообщения Харьковского Математического Общества"

Podrobná bibliografie
Korporativní autor: Харьковский императорский университет
Další autoři: Синцов Д. М. Дмитрий Матвеевич (составитель)
Shrnutí:Текст в русской дореформенной орфографии
Jazyk:ruština
Vydáno: Харьков, Типография и Литография М. Зильберберг и Сыновья, 1915
Edice:Сообщения Харьковского Математического Общества Т. 14
Témata:
Médium: MixedMaterials Kniha
KOHA link:https://koha.lib.tpu.ru/cgi-bin/koha/opac-detail.pl?biblionumber=678562

MARC

LEADER 00000nam0a2200000 4500
001 678562
005 20250210162024.0
090 |a 678562 
100 |a 20250210d1918 k||y0rusy50 ca 
101 0 |a rus 
102 |a UA 
105 |a y a 001yy 
181 0 |a i   |b  e  
182 0 |a n 
183 0 |a nc  |2 RDAcarrier 
200 1 |a Харьковская математическая библиография. Список книг, брошюр и статей по математическим наукам, напечатанных в Харькове с 1805-1905 г.  |e приложение к т. XIV "Сообщения Харьковского Математического Общества"  |f составил Д. М. Синцов 
203 |a Текст  |b визуальный  |c непосредственный 
210 |a Харьков  |c Типография и Литография М. Зильберберг и Сыновья  |d 1915 
215 |a 84 с. 
225 |a Сообщения Харьковского Математического Общества  |v Т. 14 
283 |a volume  |2 RDAcarrier 
300 |a Текст в русской дореформенной орфографии 
320 |a Алфавитный указатель авторов: с. 82-84 
606 |a Математика  |9 83171 
606 |a Библиографические пособия  |x По математике  |9 52070 
610 1 |a математические науки 
610 1 |a библиография 
610 1 |a история 
610 1 |a математические труды 
610 1 |a библиографические издания 
675 |a 51(01)  |v 4 
686 |2 rubbk  |a Я19:51 
702 1 |a Синцов  |b Д. М.  |c математик, геометр  |c профессор Харьковского университета  |f 1867-1946  |g Дмитрий Матвеевич  |4 220  |9 15518 
712 0 2 |a Харьковский императорский университет  |c (1805-1917)  |9 26165 
801 0 |a RU  |b 63413507  |c 20250211 
830 |a Ретро2025Каталогизация Кузнецова 
850 |a 63413507 
942 |c BK